PASSAGES PREDICTABLE CRISES OF ADULT LIFE / (Record no. 615783)

000 -LEADER
fixed length control field 00356nam a22001337a 4500
020 ## - INTERNATIONAL STANDARD BOOK NUMBER
Qualifying information HB.
040 ## - CATALOGING SOURCE
Transcribing agency FIZZA ISHAQ
082 ## - DEWEY DECIMAL CLASSIFICATION NUMBER
Classification number 301.434
Author Mark GAI
100 ## - MAIN ENTRY--PERSONAL NAME
Personal name SHEEHY,GAIL.
9 (RLIN) 132728
245 ## - TITLE STATEMENT
Title PASSAGES PREDICTABLE CRISES OF ADULT LIFE /
Statement of responsibility, etc. GAIL SHEEHY.
260 ## - PUBLICATION, DISTRIBUTION, ETC.
Place of publication, distribution, etc. NEW YORK;
Name of publisher, distributor, etc. E.P.DUTTON & CO,
Date of publication, distribution, etc. 1974.
300 ## - PHYSICAL DESCRIPTION
Extent 393 P. ;
Dimensions 9.3X6.3IN
942 ## - ADDED ENTRY ELEMENTS (KOHA)
Source of classification or shelving scheme
Koha item type Book
Holdings
Withdrawn status Lost status Source of classification or shelving scheme Damaged status Not for loan Permanent Location Current Location Shelving location Date acquired Total Checkouts Full call number Barcode Date last seen Price effective from Koha item type
          NUST Baluchistan Campus (NBC) NUST Baluchistan Campus (NBC) General Stacks 01/06/2026   301.434 GAI QD-948 01/06/2026 01/06/2026 Book
© 2023 Central Library, National University of Sciences and Technology. All Rights Reserved.